Textbook of Inorganic pharmaceutical and medicinal chemistry. (Record no. 6183)

MARC details
000 -LEADER
fixed length control field 00534nam a22001937a 4500
005 - DATE AND TIME OF LATEST TRANSACTION
control field 20230119113127.0
008 - FIXED-LENGTH DATA ELEMENTS--GENERAL INFORMATION
fixed length control field 200511b xxu||||| |||| 00| 0 eng d
020 ## - INTERNATIONAL STANDARD BOOK NUMBER
ISBN 9788123919195
041 ## - LANGUAGE CODE
Language code of text/sound track or separate title eng
082 ## - DEWEY DECIMAL CLASSIFICATION NUMBER
Classification number 615.17
Item number QAD
100 ## - MAIN ENTRY--AUTHOR NAME
Personal name QADRY, J.S
245 ## - TITLE STATEMENT
Title Textbook of Inorganic pharmaceutical and medicinal chemistry.
Statement of responsibility, etc J.S. QADRY
250 ## - EDITION STATEMENT
Edition statement 11'th
260 ## - PUBLICATION, DISTRIBUTION, ETC. (IMPRINT)
Place of publication New Delhi
Name of publisher CBS Publisher and Distributors
Year of publication 2019
300 ## - PHYSICAL DESCRIPTION
Number of Pages 286,xiv
650 ## - SUBJECT ADDED ENTRY--TOPICAL TERM
Topical Term Pharmacy
General subdivision B.PHARMA
700 ## - ADDED ENTRY--PERSONAL NAME
Personal name J.S . Qadry
942 ## - ADDED ENTRY ELEMENTS (KOHA)
Koha item type Books
Holdings
Lost status Damaged status Collection code Home library Current library Shelving location Date acquired Source of acquisition Cost, normal purchase price Full call number Accession Number Koha item type
    PHARMACY JRU Library JRU Library SHELF-17-E 11/05/2020 PURCHASE 375.00 615.17 QAD 23874 Books